The tragedy of Othello, the Moor of Venice / (Record no. 288117)
[ view plain ]
| 000 -LEADER | |
|---|---|
| fixed length control field | 00673nam a2200169Ia 4500 |
| 008 - FIXED-LENGTH DATA ELEMENTS--GENERAL INFORMATION | |
| fixed length control field | 150610s9999 xx 000 0 und d |
| 020 ## - INTERNATIONAL STANDARD BOOK NUMBER | |
| International Standard Book Number | 0 671722816 |
| 050 ## - LIBRARY OF CONGRESS CALL NUMBER | |
| Classification number | PR2829 |
| Item number | .A2 .M48 1993 |
| 100 ## - MAIN ENTRY--PERSONAL NAME | |
| Personal name | Shakespeare, William, 1564-1616 |
| 245 #4 - TITLE STATEMENT | |
| Title | The tragedy of Othello, the Moor of Venice / |
| Statement of responsibility, etc | by William Shakespeare ; [edited by Barbara A. Mowat and Paul Werstine ; illustrated with material in the Folger Library collections].. |
| 260 ## - PUBLICATION, DISTRIBUTION, ETC. (IMPRINT) | |
| Place of publication, distribution, etc | New York : |
| Name of publisher, distributor, etc | Washington Square Press, |
| Date of publication, distribution, etc | 1993. |
| 300 ## - PHYSICAL DESCRIPTION | |
| Extent | 314pages : |
| Other physical details | illustrations ; |
| Dimensions | 17 cm. |
| 520 ## - SUMMARY, ETC. | |
| Summary, etc | Drama. |
| 650 ## - SUBJECT ADDED ENTRY--TOPICAL TERM | |
| Topical term or geographic name as entry element | Interracial marriage |
| General subdivision | Drama. |
| 650 ## - SUBJECT ADDED ENTRY--TOPICAL TERM | |
| Topical term or geographic name as entry element | Jealousy |
| Topical term following geographic name as entry element | Drama. |
| 650 ## - SUBJECT ADDED ENTRY--TOPICAL TERM | |
| Topical term or geographic name as entry element | Muslims |
| General subdivision | Drama. |
| Withdrawn status | Lost status | Damaged status | Home library | Current library | Shelving location | Date acquired | Total Checkouts | Full call number | Barcode | Date last seen | Price effective from | Koha item type |
|---|---|---|---|---|---|---|---|---|---|---|---|---|
| Stonyhurst Southville International School (Batangas) | Stonyhurst Southville International School (Batangas) | High School Section | 06/10/2015 | PR2829.A2 .M48 1993 | US-2085 | 06/10/2015 | 06/10/2015 | Books |